| 000 | 00700nam a2200241 a 4500 | ||
|---|---|---|---|
| 003 | PILC | ||
| 005 | 20160128143849.0 | ||
| 008 | 111109s19uu xx 00 eng d | ||
| 020 | _a9780745645995 | ||
| 050 |
_aB 741 _b.L474i 2009 |
||
| 100 | _aLeaman, Oliver. | ||
| 245 |
_aIslamic philosophy : _ban introduction / _cOliver Leaman. |
||
| 250 | _a2nd edition. | ||
| 260 |
_aCambridge : _bPolity Press, _c2009. |
||
| 300 |
_a231 pages ; _c22 cm. |
||
| 500 | _aIncludes bibliographical references and index. | ||
| 650 | _aIslamic philosophy. | ||
| 650 |
_aIslamic philosophy _xHistory. |
||
| 650 |
_aFaith and reason _xIslam. |
||
| 650 | _aSufism. | ||
| 942 |
_cBK _2lcc _kFOR |
||
| 999 |
_c24594 _d24594 |
||